Adjudication (Record no. 79233)

MARC details
000 -LEADER
fixed length control field 01755cad a22003015a 4500
001 - CONTROL NUMBER
control field L140207
008 - FIXED-LENGTH DATA ELEMENTS--GENERAL INFORMATION
fixed length control field 070912e20070704xxk f 000 0 eng d
035 ## - SYSTEM CONTROL NUMBER
System control number (Sirsi) u140207
041 0# - LANGUAGE CODE
Language code of text/sound track or separate title eng
100 1# - MAIN ENTRY--PERSONAL NAME
Personal name Choat, Rupert
245 00 - TITLE STATEMENT
Title Adjudication
Remainder of title late referrals, late decisions and invalid rules
Medium [electronic resource]
260 ## - PUBLICATION, DISTRIBUTION, ETC.
Date of publication, distribution, etc. 2007
490 #0 - SERIES STATEMENT
Series statement RICS Feature
Volume/sequential designation 4 July 2007
520 ## - SUMMARY, ETC.
Summary, etc. Explains how four recent cases have clarified what happens when an adjudication timetable overruns. The cases have highlighted inequalities between adjudications under different rules, and some leading adjudication decisions have been invalidated. Considers the referral of the dispute within seven days of the adjudication notice, when the 28 days period for the decision runs from, the adjudicator's decision being reached within the 28 day (or extended) period, and the validity of decisions reached on time but communicated a day or two late.
590 ## - LOCAL NOTE (RLIN)
Local note KA
650 24 - SUBJECT ADDED ENTRY--TOPICAL TERM
Topical term or geographic name entry element HART INVESTMENTS LTD V FIDLER AND ANOTHER
650 24 - SUBJECT ADDED ENTRY--TOPICAL TERM
Topical term or geographic name entry element HOUSING GRANTS, CONSTRUCTION AND REGENERATION ACT 1996 S107
650 24 - SUBJECT ADDED ENTRY--TOPICAL TERM
Topical term or geographic name entry element HOUSING GRANTS, CONSTRUCTION AND REGENERATION ACT 1996 S108
650 24 - SUBJECT ADDED ENTRY--TOPICAL TERM
Topical term or geographic name entry element SCHEME FOR CONSTRUCTION CONTRACTS
650 24 - SUBJECT ADDED ENTRY--TOPICAL TERM
Topical term or geographic name entry element EPPING ELECTRICAL CO LTD V BRIGGS AND FORRESTER (PLUMBING SERVICES) LTD
650 24 - SUBJECT ADDED ENTRY--TOPICAL TERM
Topical term or geographic name entry element CUBBITT BUILDING AND INTERIORS LTD V FLEETGLADE LTD
650 24 - SUBJECT ADDED ENTRY--TOPICAL TERM
Topical term or geographic name entry element AVEAT HEATING LTD V JERRAM FALKUS CONSTRUCTION LTD
650 24 - SUBJECT ADDED ENTRY--TOPICAL TERM
Topical term or geographic name entry element SIMONS CONSTRUCTION LTD V AARDVARK DEVELOPMENTS LTD
651 #4 - SUBJECT ADDED ENTRY--GEOGRAPHIC NAME
Geographic name England and Wales
Chronological subdivision 1543-
690 ## - LOCAL SUBJECT ADDED ENTRY--TOPICAL TERM (OCLC, RLIN)
Topical term or geographic name as entry element MANAGEMENT-DISPUTE AVOIDANCE, MANAGEMENT AND RESOLUTION-DISPUTE MANAGEMENT AND RESOLUTION-ALTERNATIVE DISPUTE RESOLUTION-ADJUDICATION
710 2# - ADDED ENTRY--CORPORATE NAME
Corporate name or jurisdiction name as entry element Cameron McKenna
9 (RLIN) 3669
942 ## - ADDED ENTRY ELEMENTS (KOHA)
Suppress in OPAC 0
Holdings
Withdrawn status Lost status Source of classification or shelving scheme Damaged status Not for loan Home library Current library Shelving location Date acquired Total Checkouts Full call number Barcode Date last seen Copy number Price effective from Koha item type
    Dewey Decimal Classification     London London Journal article 12/09/2007   L140207 140207-3001 06/08/2019 1 06/08/2019 Journal article